000 00483ntaaa2200193 4500
003 01
005 20251027202715.0
008 0714s1973 ag 01
040 _aAR-BaBN
_bspa
_cAR-BaBN
_eaacr
_dRIC
082 _a572.0000 T37
100 _aThompson, Laura
_926816
245 _aHacie una ciencia del hombre
250 _a1 ed.
260 _aMéxico :
_bEditorial Roble,
_cc1961, 1965
300 _a315 p
500 _aAntropología
650 _aantropología
_95885
942 _cBK
999 _c22271
_d22271